Responses for Show #3848 - Wednesday, May 2, 2001

2001 Teen Tournament quarterfinal game 3.
From the Pennsylvania Convention Center in Philadelphia.

Contestants

[<< previous game]

Jonathan Reinstein, a junior from Dix Hills, New York

Katherine Bushey, a junior from Wilmington, Delaware

Logan Bell, a senior from Rock Falls, Illinois

[next game >>]

Jeopardy! Round responses

OFFICIAL LANGUAGES
SPORTS STARS
MUSIC CLASS
ODDS & ENDS
BODIES OF WATER
WHAT'S "NU"
    $100 6
Dutch

Jonathan
    $100 1
Tiger Woods

Logan
    $100 21
brass

Katherine
    $100 22
black

Jonathan
    $100 11
the Nile

Jonathan
    $100 16
nuisance

Logan
    $200 7
Spanish

Logan
    $200 2
Phoenix Suns

Katherine
    $200 25
(Alex: Minute to go.)

"The Messiah"

Katherine
    $200 23
Ken

Katherine
    $200 12
Hudson Bay

Logan
    $200 17
Denver Nuggets

Jonathan
    $300 8
(Katherine: What is Portuguese?)
(Logan: What is English?)

Arabic

LoganKatherineJonathan
    $300 3
Dale Earnhardt, Sr.

Jonathan
    $300 28
ragtime

Jonathan
    $300 24
computer

Jonathan
    $300 13
the Volga

Logan
    $300 18
nuptials

Jonathan
    $400 9
(Katherine: What is Spanish?)
(Jonathan: What is Dutch?)

English

KatherineJonathan
Triple Stumper
    $400 4
Brett Favre

Jonathan
    $400 29
(Jonathan: What is Rockapella?)

a cappella

KatherineJonathan
    $400 26
owl

Jonathan
    $700 14
the Caribbean Sea

Logan
    $400 19
(Logan: What is a knucklehead?)
(Alex: We'll accept that, even though we were going for "numbskull".)

numbskull

Logan
    $500 10
(Katherine: Afrikaans?)

Swahili

LoganKatherine
    $500 5
pole vault

Logan
    $500 30
Johann Sebastian Bach

Triple Stumper
    $500 27
St. Peter

Katherine
    $500 15
Persian Gulf

Jonathan
    $500 20
nuclear family

Jonathan

Scores at the first commercial break (after clue 14):

Logan Katherine Jonathan
$2,200 -$1,000 $800

Scores at the end of the Jeopardy! Round:

Logan Katherine Jonathan
$2,700 $400 $3,000

Double Jeopardy! Round responses

'76ers
(Alex; How about that!)
YOUNG ACTORS & ROLES
(Alex: We want you to name the president as we deal with...)
HE'S MY SECRETARY OF WAR
COOL YOUR JETS
POETS & POETRY
A "CON" GAME
    $200 8
George Washington

Jonathan
    $200 26
Crouching Tiger, Hidden Dragon

Logan
    $200 16
Abraham Lincoln

Jonathan
    $200 1
Mirage

Logan
    $200 21
"The Raven"

Jonathan
    $200 2
concession speech

Jonathan
    $400 9
John Adams

Katherine
    $400 27
Heath Ledger

Logan
    $400 17
James Madison

Logan
    $400 7
Germany

Logan
    $400 22
Lewis Carroll

Katherine
    $400 3
concussion

Jonathan
    $600 13
blood

Jonathan
    $600 28
(Jonathan: Who is Polly?)

Becky Thatcher

Jonathan
Triple Stumper
    $600 18
Woodrow Wilson

Katherine
    $600 10
Boeing

Katherine
    $600 23
Hungarian

Triple Stumper
    $600 4
concise

Logan
    $800 14
the Supreme Court

Jonathan
    $800 29
(Katherine: What is "The Lion King?")

Aida

Katherine
Triple Stumper
    $800 19
(Logan: Who is John Adams?)
(Jonathan: Who was George Washington?)

Thomas Jefferson

LoganKatherineJonathan
    $800 11
vapor trail

Katherine
    $800 24
(Alex: With a minute to go.)

Walt Whitman

Jonathan
    $800 5
Congress

Jonathan
    $1,500 15
Nathan Hale

Jonathan
    $2,000 30
Contact

Logan
    $1000 20
Harry S. Truman

Katherine
    $1000 12
U-2

Katherine
    $1000 25
Emily Dickinson

Triple Stumper
    $1000 6
continental

Katherine

Scores at the end of the Double Jeopardy! Round:

Logan Katherine Jonathan
$6,100 $6,200 $7,300

Final Jeopardy! Round responses

COLLEGES
(Alex: You're going to be thinking about that, I'm sure!)
(Alex: Katherine, I hope you didn't put down the Air Force Academy!)
LoganWhat is West Point?
$3,000
KatherineWhat is West Point?
$1,200
JonathanWhat is West Point?
$1,500
United States Military Academy (West Point)

Final scores:

Logan Katherine Jonathan
$9,100 $7,400 $8,800
Automatic semifinalist 3rd place: $2,500 if eliminated 2nd place: $2,500 if eliminated

Game dynamics:

Coryat scores:

Logan Katherine Jonathan
$4,800 $6,200 $6,800
16 R
(including 2 DDs),
2 W
15 R,
4 W
23 R
(including 1 DD),
4 W

Combined Coryat: $17,800

[game clues] [game scores] [suggest correction]

Game tape date: 2001-04-11
The J! Archive is created by fans, for fans. Scraping, republication, monetization, and malicious use prohibited; this site may use cookies and collect identifying information. See terms. The Jeopardy! game show and all elements thereof, including but not limited to copyright and trademark thereto, are the property of Jeopardy Productions, Inc. and are protected under law. This website is not affiliated with, sponsored by, or operated by Jeopardy Productions, Inc. Join the discussion at JBoard.tv.